| 000 | 00673nam a2200181 a 4500 | ||
|---|---|---|---|
| 001 | 5889 | ||
| 003 | CDMR | ||
| 005 | 20131113123654.0 | ||
| 008 | 130220s1996||||||||||||||||||||||||||||d | ||
| 040 |
_aCDMR _bcat _cCDMR |
||
| 245 | 0 | 0 |
_aCom XXI _b: análisis y prospectiva del sector de la comunicación en España : necesidades de formación |
| 260 |
_aMadrid _b[Corporación multimedia] _c1996 |
||
| 300 |
_a2 v. _c27 cm |
||
| 500 | _aEstudi realitzat en el marc de l'Acord Nacional de Formació Contínua dins del seu programa d'objectiu 4 del Fons Social Europeu | ||
| 650 | 0 | 4 |
_9637 _aComunicació _xEnsenyament |
| 650 | 0 | 4 |
_94341 _aMercat de treball _zEspanya |
| 942 |
_cMON _2udc |
||
| 999 |
_c5889 _d5889 |
||